Datum a čas kvízu
41.5
Celkem bodů
Celkový počet nahraných bodů na tomto kvízu bez doplňovacích otázek.
1.
Pořadí na kvízu
Konečné umístění týmu na tomto kvízu.
Zaznamenané odpovědi
# | Otázka | Odpověď | Body | Výsledky |
---|---|---|---|---|
1. | Čtvrt roku byli na cestě a ura... | D) Velorex | 1 | |
2. | V rakouském St. Pölten se na t... | o losa | 1 | |
3. | V noci ze středy na čtvrtek by... | Jimmy Kimmel | 1 | |
4. | Společnost China Eastern Airli... | Buenos Aires | 1 | |
5. | V neděli začalo mistrovství sv... | ve Rwandě | 1 | |
6. | Ve spolupráci s Radou Evropy j... | 1C 2A 3D 4B | 1 | |
7. | Pokud vám prozradíme, že červe... | július | 1 | |
8. | Jak se jmenuje autonomní oblas... | Vojvodina | 1 | |
9. | Která z těchto knih nebyla nap... | B | 1 | |
10. | Pozoruhodným jazykem je velšti... | křeček | 0 |